Životné prostredie revue pre teóriu a starostlivosť o životné prostredie
Salvato in:
| Natura: | Periodico |
|---|---|
| Lingua: | slovacco ceco |
| Pubblicazione: |
Bratislava
Ústav krajinnej ekológie SAV
|
| Soggetti: | |
| Tags: |
Nessun Tag, puoi essere il primo ad aggiungerne!!
|
MARC
| LEADER | 00000nas1a22000001 4500 | ||
|---|---|---|---|
| 001 | s120038 | ||
| 005 | 20231208081522.0 | ||
| 022 | |a 0044-4863 | ||
| 022 | |a 2585-7800 | ||
| 041 | 0 | |a slo | |
| 041 | 0 | |a cze | |
| 044 | |a SK | ||
| 245 | 1 | 0 | |a Životné prostredie |b revue pre teóriu a starostlivosť o životné prostredie |
| 264 | 1 | |a Bratislava |b Ústav krajinnej ekológie SAV | |
| 610 | 2 | 0 | |a prostredie životné |
| 610 | 2 | 0 | |a ekológia |
| 610 | 2 | 0 | |a tvorba prostredia životného |